书目信息 |
| 题名: |
城镇排水管渠站运行、维护及安全技术规程
|
|
| 作者: | 中华人民共和国住房和城乡建设部 | |
| 分册: | ||
| 出版信息: | 北京 中国建筑工业出版社 2017.02 |
|
| 页数: | 159页 | |
| 开本: | 20cm | |
| 丛书名: | ||
| 单 册: | ||
| 中图分类: | TU992-65 | |
| 科图分类: | ||
| 主题词: | 排水工程:市政工程 | |
| 电子资源: | ||
| ISBN: | ||
| 000 | 00766nam0 2200193 45 | |
| 001 | 1955958808 | |
| 005 | 20190321153806.83 | |
| 010 | @dRMB 27.00 | |
| 100 | @a20190315d2017 km y0chiy0120 ea | |
| 101 | 0 | @achi |
| 102 | @aCN@b110000 | |
| 200 | 1 | @a城镇排水管渠站运行、维护及安全技术规程@Acheng zhen pai shui guan qu zhan yun xing、wei hu ji an quan ji shu gui cheng@f中华人民共和国住房和城乡建设部@Fzhong hua ren min gong he guo zhu fang he cheng xiang jian she bu |
| 210 | @a北京@c中国建筑工业出版社@d2017.02 | |
| 215 | @a159页@d20cm | |
| 606 | 0 | @a排水工程:市政工程 |
| 690 | @aTU992-65@v4 | |
| 701 | 0 | @a中华人民共和国住房和城乡建设部@Azhong hua ren min gong he guo zhu fang he cheng xiang jian she bu |
| 801 | 0 | @aCN@bPFT@c20190321 |
| 905 | @a10447@dTU992-65@eZ9111 | |
| 城镇排水管渠站运行、维护及安全技术规程/中华人民共和国住房和城乡建设部.-北京:中国建筑工业出版社,2017.02 |
| 159页;20cm |
| ISBN :RMB 27.00 |
| ● |
| 相关链接 |
|
|
|
正题名:城镇排水管渠站运行、维护及安全技术规程
索取号:TU992-65/Z9111
 
预约/预借
| 序号 | 登录号 | 条形码 | 馆藏地/架位号 | 状态 | 备注 |
| 1 | 1305853 | 213058536 | 建筑库201/201建筑库 135排2列1层/ [索取号:TU992-65/Z9111] | 在馆 |